Archivmaterialien zu Viktoria Schmidt-Linsenhoff, 1944-2013

Enregistré dans:  
Détails bibliographiques
Auteur principal: Schmidt-Linsenhoff, Viktoria 1944-2013 (Auteur)
Type de support: Électronique Archives
Langue:Allemand
Vérifier la disponibilité: HBZ Gateway
Dans:Année: 2019
Accès en ligne: Archivdatenbank (Kalliope Verbundkatalog)

MARC

LEADER 00000npc a22000002 4500
001 LR109430867
003 PipeLineGenerated
005 20260429062310.0
008 190606s2019 xx ||||| 00| ||ger c
100 |a Schmidt-Linsenhoff, Viktoria  |0 (DE-588)109430867  |0 (DE-627)48069690X  |d 1944-2013 
245 |a Archivmaterialien zu Viktoria Schmidt-Linsenhoff, 1944-2013 
856 |u https://kalliope-verbund.info/gnd/109430867  |3 Archivdatenbank (Kalliope Verbundkatalog) 
BIB |a 1  |o create_literary_remains_records 
ELC |a 1 
REL |a 1  |o create_literary_remains_records 
SUB |a BIB  |a REL